100 Geography Words in Chinese - Statistics

General Stats
  • This quiz has been taken 35 times
    14 since last reset
  • The average score is 15 of 100
Answer Stats
中文单词 英文翻译 % Correct
东方 east
86%
西方 west
86%
地理 geography
71%
地图 map
71%
road
71%
方向 direction
57%
地球 earth
57%
北方 north
57%
河流 river
57%
南方 south
57%
火山 volcano
57%
地址 address
43%
continent
43%
森林 forest
43%
冰川 glacier
43%
大洋 ocean
43%
街道 street
43%
地图制作 cartography
29%
文化 cultures
29%
沙漠 desert
29%
洪水 Flood
29%
人文地理 human geography
29%
岛屿 island
29%
湖泊 lake
29%
纬度 latitude
29%
经度 longitude
29%
山脉 mountain range
29%
自然地理 physical geography
29%
河口 river mouth
29%
热带雨林 tropical rainforest
29%
大气层 atmosphere
14%
气候 Climate
14%
煤炭 coal
14%
干旱 Drought
14%
地震 earthquake
14%
地球自转 Earth's rotation
14%
草原 grassland
14%
地下水 groundwater
14%
水平线 horizon
14%
陆地 land
14%
海洋地理 oceanography
14%
wind
14%
鸟瞰图 Aerial view map
0%
海拔 altitude
0%
生物多样性 biodiversity
0%
中部 central region
0%
气候变化 climate change
0%
气候图 Climate map
0%
海岸线 coastline
0%
疏林化 deforestation
0%
荒漠化 desertification
0%
地球资源 earth resources
0%
地球公转 Earth's revolution
0%
市场地理学 Economic geography
0%
生态系统 ecosystem
0%
灭绝 extinction
0%
地理学家 geographer
0%
地理条件 Geographic conditions
0%
地理分布 Geographic distribution
0%
地理环境 Geographic environment
0%
地理特征 geographic features
0%
地理景观 Geographic landscape
0%
地理位置 Geographic location
0%
地理学 Geography (academic discipline)
0%
地质图 Geological map
0%
地质 geology
0%
地理信息系统 GIS
0%
冰川融化 glaciers melting
0%
地球温暖化 global warming
0%
水系图 Hydrological map
0%
水文 Hydrology
0%
水力资源 hydropower resources
0%
地形 landform
0%
土地利用 land use
0%
海洋生物 marine life
0%
海洋地图 Marine map
0%
矿产资源 mineral resources
0%
自然灾害 natural disasters
0%
天然气 natural gas
0%
石油 petroleum
0%
极地 Polar regions
0%
政治地图 Political map
0%
人口地理学 Population geography
0%
资源图 Resource map
0%
交通地图 Road map
0%
农村地理学 Rural geography
0%
海平面上升 sea level rising
0%
地震学 seismology
0%
土壤 soil
0%
太阳能 solar energy
0%
亚热带 suptropical
0%
地形图 Topographic map
0%
地貌 topography
0%
城市地理学 Urban geography
0%
水循环 water cycle
0%
水资源 water resources
0%
湿地 wetland
0%
风向 wind direction
0%
风能 wind energy
0%
大地图 World map
0%
No matching quizzes found
Score Distribution
Percent of People with Each Score
Percentile by Number Answered
Your Score History
You have not taken this quiz since the last reset